Kuvajťania prišli na ťavách, a kúpili si všetky ihriská jeden z mála Košičanov na futbalových majstrovstvách sveta, Stanislav Seman: "taký gól som nikdy pred tým nedostal"

Bibliographic Details
Main Author: Matia, Bohuš (Author)
Format: Article
Language:Slovak
PhysicalDescription:Obr.
ISSN:1336-5320
Subjects:

MARC

LEADER 00000nab a2200000 a 4500
001 vtls008772624
003 SK-MaSNL
005 20260303071504.0
008 060613 2006 xo r r 000 0 slo
038 |a KEVKJB 
040 |a KEVKJB  |b slo  |c KEVKJB  |e AACR2 
041 0 |a slo 
044 |a xo  |c SK 
080 |a 796.332-051  |2 2001 
080 |a 929 Seman, Stanislav  |2 2001 
100 1 |a Matia, Bohuš  |4 aut  |9 538114 
245 1 0 |a Kuvajťania prišli na ťavách, a kúpili si všetky ihriská  |b jeden z mála Košičanov na futbalových majstrovstvách sveta, Stanislav Seman: "taký gól som nikdy pred tým nedostal"  |c Bohuš Matia 
300 |b Obr. 
600 1 7 |a Seman, Stanislav 1952-  |2 kevkjb  |9 16422 
650 0 7 |a futbal  |2 kevkjb  |9 3291 
651 7 |a Košice (Slovensko)  |2 kevkjb  |9 18694 
773 0 |t Košický večer  |g Roč. 17(38), č. 23 (9.6.2006), s. 23  |x 1336-5320 
852 |a KEVKJB  |b KIS3GCP 
958 |a BX 
999 |c 1760134  |d 1762064